000 00750nam a2200205Ii 4500
003 JO-AjNU
008 230605s9999||||xx |||||||||||||| ||und||
040 _aJO-AjNU
_bara
_erda
_cJO-AjNU
041 _aara
050 1 4 _aAE2.I27 2004
100 3 _aتاليف الابشيهي، بهاء الدين ابي الفتح محمد بن احمد بن منصور,
_eauthor
_962010
245 0 0 _aالمستطرف في كل فن مستظرف
250 _aالطبعة الاولى
264 3 1 _aبيروت: دار صادر للطباعة والنشر، 2004
300 _a704ص
336 _atext
_btxt
_2rdacontent
337 _aunmediated
_bn
_2rdamedia
338 _avolume
_bnc
_2rdacarrier
650 4 _aالادب العربي-مجموعات
_962011
999 _aA28058
_c31626
_d31626